| 000 | 03638cam a22007814i 4500 | ||
|---|---|---|---|
| 003 | PE-LiUPU | ||
| 005 | 20250731170414.0 | ||
| 008 | 111012s2010 ck a rb 000 0 spa d | ||
| 020 | _a9789586486439 | ||
| 035 | _a(Sirsi) i9789586486439 | ||
| 040 |
_aPE-LiUPU _bspa _cPE-LiUPU _erda |
||
| 041 | 1 |
_aspa _heng |
|
| 049 | _aPRUA | ||
| 082 | 0 | 4 |
_a155.9 _bZ82 |
| 100 | 1 |
_aZimmermann, Marcel, _eautor. |
|
| 245 | 1 | 0 |
_aPsicología ambiental calidad de vida y desarrollo sostenible / _cMarcel Zimmermann. |
| 250 | _aTercera edición. | ||
| 264 | 1 |
_aBogotá : _bEcoe Ediciones, _c2010. |
|
| 300 |
_axx, 176 páginas : _bilustraciones ; _c24 cm. |
||
| 336 |
_atext _2rdacontent |
||
| 337 |
_aunmediated _2rdamedia |
||
| 338 |
_avolume _2rdacarrier |
||
| 490 | 0 | _aCiencias naturales. Ecología y medio ambiente | |
| 504 | _aBibliografía : páginas 165-176. | ||
| 505 | 0 | _aPerspectivas de la psicología ambiental -- Los paradigmas psicosociales de la PA -- Fundamentos de la psicología ambiental comunitaria (PAC) -- Intervenciones y aplicaciones -- Relevancia social de la psicología ambiental ante el reto ecológico planteado por las grandes cumbres mundiales sobre el desarrollo sostenible. | |
| 526 | _aSEG68 | ||
| 526 | _aSEG70 | ||
| 526 | _aSEG69 | ||
| 526 | _aSEG67 | ||
| 526 | _aSEG43 | ||
| 526 | _aP144 | ||
| 526 | _aP143 | ||
| 526 | _aP131 | ||
| 526 | _aP122 | ||
| 526 | _aP120 | ||
| 526 | _aP117 | ||
| 526 | _aP112 | ||
| 526 | _aP110 | ||
| 526 | _aP106 | ||
| 526 | _aP101 | ||
| 526 | _aP80 | ||
| 526 | _aP59 | ||
| 526 | _aP54 | ||
| 526 | _aP35 | ||
| 526 | _aP33 | ||
| 526 | _aP30 | ||
| 541 | _g043-0014407; | ||
| 541 | _g043-0014554; | ||
| 650 | 1 | 4 |
_aPsicología ambiental _xAspectos sociales. |
| 650 | 1 | 4 |
_aEcología humana _xAspectos sociales. |
| 650 | 1 | 4 |
_aSaneamiento ambiental _xAspectos sociales. |
| 650 | 1 | 4 |
_aCrecimiento sostenible _xAspectos ambientales. |
| 650 | 1 | 4 |
_aEstrategias para el desarrollo _xAspectos ambientales. |
| 910 |
_agl _bjv _cng _d20111012 |
||
| 910 |
_ardg _bjck _crdg _d20150521 |
||
| 942 |
_2ddc _cBOOK |
||
| 949 |
_a155.9 Z82 _wDEWEY _c1 _i63841 _lCCODEBUL1 _mBUL _p18.00 _r0 _sY _tBOOK _u2011-10-12 _xINGENIERIA _PP24 _0COMPRA _o.STAFF. Colección General |
||
| 949 |
_a155.9 Z82 _wDEWEY _c2 _i63840 _lCCODEBUL1 _mBUL _p18.00 _r0 _sY _tBOOK _u2011-10-12 _xINGENIERIA _PP24 _0COMPRA _o.STAFF. Colección General |
||
| 949 |
_a155.9 Z82 _wDEWEY _c3 _i71275 _lCCODEBUL1 _mBUL _p16.82 _r0 _sY _tBOOK _u2011-10-12 _xINGENIERIA _PP24 _0COMPRA _o.STAFF. Colección General |
||
| 949 |
_a155.9 Z82 _wDEWEY _c4 _i71435 _lCCODEBUL1 _mBUL _p16.82 _r0 _sY _tBOOK _u2015-6-23 _xINGENIERIA _PP24 _0COMPRA _o.STAFF. Colección General |
||
| 994 |
_aC0 _bPEPRU |
||
| 596 | _a1 | ||
| 999 |
_a155.9 Z82 _wDEWEY _c17308 _i63841 _d17308 _f2021-11-3 _g7 _lCCODEBUL1 _mBUL _p18.00 _q1 _r0 _sY _tBOOK _u2011-10-12 _xSALUD _PP24 _0COMPRA _o.STAFF. Colección General |
||
| 999 |
_a155.9 Z82 _wDEWEY _c2 _i63840 _d2017-11-10 _e2017-8-22 _f2021-11-3 _g7 _lCCODEBUL1 _mBUL _n1 _p18.00 _q2 _r0 _sY _tBOOK _u2011-10-12 _xSALUD _PP24 _0COMPRA _o.STAFF. Colección General |
||
| 999 |
_a155.9 Z82 _wDEWEY _c3 _i71275 _d2017-2-11 _f2021-11-9 _g7 _lCCODEBUL1 _mBUL _p16.82 _q1 _r0 _sY _tBOOK _u2011-10-12 _xINGENIERIA _PP24 _0COMPRA _o.STAFF. Colección General |
||
| 999 |
_a155.9 Z82 _wDEWEY _c4 _i71435 _d2017-2-11 _e2015-9-4 _f2021-11-9 _g7 _lCCODEBUL1 _mBUL _n2 _p16.82 _q1 _r0 _sY _tBOOK _u2015-6-23 _xINGENIERIA _PP24 _0COMPRA _o.STAFF. Colección General |
||
| 980 |
_81 _gALBERTO SANCHEZ Responsable de Automatización |
||